000 00451nam a2200181Ia 4500
005 20140311163135.0
008 140130s9999 xx 000 0 und d
050 _aAG 243
_b.P24Cr 2001
100 _aPackard, Marry
_931451
245 _cPackard, Marry
_aCreepy stuff /
260 _bScholastic,
_c2001.
_aNew York :
300 _a87 p. :
_bill. ;
_c21 cm.
440 _v1
521 _aG12
526 _c1100
942 _cBK
_2lcc
999 _c41625
_d41625